000 01224cam a22003498a 4500
001 17126663
003 Nust- CAS-E
005 20180118181357.0
008 120119s2012 enk b 001 0 eng
010 _a 2011051810
020 _a9781848213906
040 _aDLC
_cDLC
_dDLC
042 _apcc
050 0 0 _aTJ808
_b.E44 2012
082 0 0 _a621.31
_223
_bELE 2012
245 0 0 _aElectricity production from renewables energies /
_cBenoit Robyns ... [et al.].
260 _aLondon :
_bISTE Ltd. ;
_aHoboken, NJ :
_bJohn Wiley & Sons,
_c2012.
263 _a1202
300 _ap. cm.
504 _aIncludes bibliographical references and index.
650 0 _aRenewable energy sources.
650 0 _aEnergy development.
650 0 _aGeothermal resources.
650 0 _aOcean energy resources.
650 0 _aElectric power distribution.
700 1 _aRobyns, Benoit.
856 4 2 _3Publisher description
_uhttp://www.loc.gov/catdir/enhancements/fy1205/2011051810-d.html
856 4 1 _3Table of contents only
_uhttp://www.loc.gov/catdir/enhancements/fy1402/2011051810-t.html
906 _a7
_brix
_corignew
_d1
_eecip
_f20
_gy-gencatlg
942 _2ddc
_cBK
999 _c355318
_d355318